Szczegóły MARC21

Struktura języka : zagadnienia i metody językoznawstwa współczesnego /

003 -Nazwa inst., której nr kontr. jest w polu 001 [,]
    • @
    • Nazwa instytucji, której n kontrolny jest w polu 001
    • NUKAT
005 -DATA I CZAS OSTATNIEJ MODYFIKACJI [,]
    • @
    • pole kontrolne
    • 20241231111433.0
040 -Instytucja sporządzająca opis [ , ]
    • a
    • Instytucja, która sporządziła opis (NP)
    • POZN U/WA
    • c
    • Instytucja, która sporządziła rekord (NP)
    • POZN U/WA
    • d
    • Instytucja, która zmodyfikowała rekord (P)
    • POZN U/AC
    • d
    • Instytucja, która zmodyfikowała rekord (P)
    • KAT U/46MM
041 -Język dokumentu [1, ]
    • a
    • Język tekstu (P)
    • polski
    • h
    • Język tekstu oryginalnego i/lub pośredniego (P)
    • szwedzki
942 -Rodzaj dokumentu [ , ]
    • c
    • Rodzaj dokumentu
    • Książka
100 -Hasło główne - nazwa osobowa [1, ]
    • a
    • Nazwa osobowa (NP)
    • Sigurd, Bengt
    • d
    • Daty biograficzne (NP)
    • (1928-2010).
    • 9
    • KHW
    • 511403
240 -Tytuł ujednolicony [1,0]
    • a
    • Tytuł ujednolicony
    • Språkstruktur
    • l
    • Język tekstu
    • (pol.)
    • 9
    • KHW
    • 511405
245 -Strefa tytułu i oznaczenia odpowiedzialności [1,0]
    • a
    • Tytuł
    • Struktura języka : Find
    • b
    • Ciąg dalszy tytułu (NP)
    • zagadnienia i metody językoznawstwa współczesnego / Find
    • c
    • Pozostałe elementy strefy tytułu i oznaczenia odpowiedzialności (NP)
    • Bengt Sigurd ; [przeł. Zdzisław Wawrzyniak].
260 -Strefa adresu wydawniczego [ , ]
    • a
    • Miejsce wydania (P)
    • Warszawa :
    • b
    • Nazwa wydawcy (P)
    • Państ. Wydaw. Naukowe,
    • c
    • Data wydania (P)
    • 1975.
300 -Strefa opisu fizycznego [ , ]
    • a
    • Określenie formy książki i/lub objętość (NP)
    • 178, [2] s. :
    • b
    • Oznaczenie ilustracji (NP)
    • il. ;
    • c
    • Format (NP)
    • 20 cm.
336 -Typ zawartości [ , ]
    • a
    • Termin opisujący typ zawartości
    • Tekst
    • b
    • Kod określający zawartość
    • txt
    • 2
    • Źródło (terminu i kodu)
    • rdacontent
337 -Typ mediów [ , ]
    • a
    • Tryb odtwarzania
    • Bez urządzenia pośredniczącego
    • b
    • Kod typu mediów
    • n
    • 2
    • Źródło (terminu i kodu)
    • rdamedia
338 -Typ/rodzaj nośnika [ , ]
    • a
    • Hasło opisujące typ nośnika
    • Wolumin
    • b
    • Kod typu nośnika
    • nc
    • 2
    • Źródło (terminu i kodu)
    • rdacarrier
504 -Uwaga dot. bibliogr. załącznikowej [ , ]
    • a
    • Uwaga dot. bibliografii załącznikowej
    • Bibliogr. s. 169-174. Indeks.
080 -Uniwersalna Klasyfikacja Dziesiętna [ , ]
    • a
    • Symbol klasyfikacji
    • 800.1
080 -Uniwersalna Klasyfikacja Dziesiętna [ , ]
    • a
    • Symbol klasyfikacji
    • :801
080 -Uniwersalna Klasyfikacja Dziesiętna [ , ]
    • a
    • Symbol klasyfikacji
    • :167/168::800/801
650 -Hasło przedmiotowe [ ,7]
    • a
    • Hasło przedmiotowe
    • Językoznawstwo.
    • 2
    • Źródło terminu
    • kaba
    • 9
    • KHW
    • 113643
980 -Symbol UKD [ , ]
    • a
    • UKD
    • 800.1:801:167/168::800/801
700 -Hasło dodatkowe - nazwa osobowa [1, ]
    • a
    • Nazwa osobowa (NP)
    • Wawrzyniak, Zdzisław Find
    • d
    • Daty biograficzne (NP)
    • (1944- ).
    • e
    • Określenie rodzaju współpracy
    • Tł.
    • 9
    • KHW
    • 9337
Sygnatura Numer inwentarzowy Status udost. Data inwentaryzacji Lokalizacja
 W.41411-31996-08-29BG
 W.41412-31996-08-29BG
 W.41413-31996-08-29BG
 W.41414-31996-08-29BG
 W.41415-31996-08-29BG
 W.41416-31996-08-29BG
 W.41417-31996-08-29BG
 W.41418-31996-08-29BG
 W.41419-31996-08-29BG
 W.41420-31996-08-29BG
 W.40531-31996-08-29BG
 W.40532-31996-08-29BG
 W.40533-31996-08-29BG
 W.40534-31996-08-29BG
 W.41421-31996-08-29BG
 W.41422-31996-08-29BG
 W.41423-31996-08-29BG
 W.41425-31996-08-29BG
 W.41426-31996-08-29BG
 W.41427-31996-08-29BG
 W.41428-31996-08-29BG
 W.41429-31996-08-29BG
 W.41430-31996-08-29BG
 W.41431-31996-08-29BG
 W.41432-31996-08-29BG
 W.41433-31996-08-29BG
 W.41434-31996-08-29BG
 W.41435-31996-08-29BG
Z.16854Z.1685411996-08-29BG
 P.931911996-08-29BM
 G.8577-31996-08-29BM
POL. Językoznawstwo 07A.449611996-08-29BM
 BJM.1522-32022-09-07BM